| Tag |
First Indicator |
Second Indicator |
Subfields |
| LEADER |
00000cam a2200000 4500 |
| 001 |
in00000029568 |
| 005 |
20160203093124.0 |
| 008 |
740905r1962 nyu 00000 eng |
| 010 |
|
|
|a 62008197
|
| 035 |
|
|
|a (OCoLC)00999182
|
| 035 |
|
|
|9 AAD2443AM
|
| 040 |
|
|
|a DLC
|c OUN
|d TXA
|d UtOrBLW
|
| 049 |
|
|
|a TXAM
|c [346244]
|
| 050 |
|
0 |
|a PR6015.O416
|b C5 1962
|
| 092 |
|
|
|a 820.9
|b H745ch
|
| 100 |
1 |
|
|a Holloway, John, ǂd 1920-1999.
|
| 245 |
1 |
4 |
|a The charted mirror :
|b literary and critical essays.
|
| 250 |
|
|
|a [1st American ed.].
|
| 264 |
|
1 |
|a New York :
|b Horizon Press,
|c [1962]
|
| 264 |
|
4 |
|c [©1960]
|
| 300 |
|
|
|a 226 pages ;
|c 23 cm.
|
| 336 |
|
|
|a text
|b txt
|2 rdacontent
|
| 337 |
|
|
|a unmediated
|b n
|2 rdamedia
|
| 338 |
|
|
|a volume
|b nc
|2 rdacarrier
|
| 650 |
|
0 |
|a English literature.
|
| 650 |
|
0 |
|a Criticism.
|
| 999 |
|
|
|a MARS
|
| 999 |
f |
f |
|s a6b2d86f-6a0e-376d-971e-e36a33f550be
|i 62e70c7a-f7c6-38ca-99da-0bcb1f482806
|t 0
|
| 952 |
f |
f |
|p ric
|a Texas A&M University
|b Rellis Campus
|c Joint Library Facility
|d Remote Storage
|t 0
|e PR6015.O416 C5 1962
|h Library of Congress classification
|i unmediated -- volume
|m A14826777177
|
| 998 |
f |
f |
|a PR6015.O416 C5 1962
|t 0
|l Remote Storage
|